| 000 | 00992nam a2200253Ia 4500 | ||
|---|---|---|---|
| 001 | 21671 | ||
| 005 | 20260417124208.0 | ||
| 008 | 260320s9999||||xx |||||||||||||| ||und|| | ||
| 020 | _a9786074489002 | ||
| 041 | _aESP | ||
| 082 |
_a371.782 _bL82 |
||
| 100 |
_aLobato Carvajal, Francisco Jesús, _eAUT |
||
| 245 | 0 | _aClaves del acoso escolar | |
| 250 | _aPrimera edición | ||
| 260 |
_aCiudad de México : _bEditorial El Manual Moderno, _c2024 |
||
| 300 |
_a150 páginas : _bcuadros ; _c23 cm. |
||
| 650 | _aEDU | ||
| 653 | _aAcoso en las escuelas; Violencia escolar - Prevención | ||
| 654 | _aCED | ||
| 700 |
_aMoreno Zarco, Georgina, _cEDT |
||
| 856 |
_uhttps://0u20fwvwj-y-https-research-ebsco-com.itmsp.museknowledge.com/c/qxo6us/search _zVéase además: Base de datos EBSCOhost |
||
| 856 |
_uhttps://0u20vwvic-y-https-ebookcentral-proquest-com.itmsp.museknowledge.com/lib/catolicasp/home.action _zVéase además: Base de datos ProQuest Ebook Central |
||
| 942 |
_cLIB _dJUS _fMAT _2ddc |
||
| 999 |
_c21671 _d21671 |
||